|
|
|
|
| LEADER |
00920nam a2200229 i 4500 |
| 001 |
c000241215 |
| 003 |
CARM |
| 005 |
00000000000000.0 |
| 008 |
840306s1923 nyu 0 eng d |
| 019 |
1 |
|
|a 9565937
|z 41555177
|z 45126677
|5 LACONCORD2021
|
| 035 |
|
|
|a (OCoLC)1672358
|5 LACONCORD2021
|
| 082 |
0 |
4 |
|a 150
|
| 100 |
1 |
|
|a Hall, G. Stanley
|q (Granville Stanley),
|d 1844-1924.
|
| 245 |
1 |
0 |
|a Life and confessions of a psychologist /
|c by G. Stanley Hall.
|
| 260 |
|
|
|a New York :
|b D. Appleton,
|c 1923.
|
| 300 |
|
|
|a 622p. :
|b ill.
|
| 504 |
|
|
|a Bibliography: p.597-[616].
|
| 600 |
1 |
0 |
|a Hall, G. Stanley
|q (Granville Stanley),
|d 1844-1924.
|
| 650 |
|
0 |
|a Psychologists
|z United States
|x Biography.
|
| 852 |
8 |
|
|b CARM
|h A2:AP01F0
|i C08517
|p 0321257
|f BK
|
| 999 |
f |
f |
|i de6b53dc-37ed-5823-9ec0-89203ecb302d
|s fb05d22d-9e97-5b4c-9b96-9cf325052c23
|
| 952 |
f |
f |
|p Can circulate
|a CAVAL
|b CAVAL
|c CAVAL
|d CARM 1 Store
|e C08517
|f A2:AP01F0
|h Other scheme
|i book
|m 0321257
|